Library Logo

Pioneer International University Library Catalogue

WAJA LEO (Record no. 9677)

MARC details
000 -LEADER
fixed length control field 00395nam a22001457a 4500
003 - CONTROL NUMBER IDENTIFIER
control field OSt
005 - DATE AND TIME OF LATEST TRANSACTION
control field 20251021103550.0
008 - FIXED-LENGTH DATA ELEMENTS--GENERAL INFORMATION
fixed length control field 251021b |||||||| |||| 00| 0 eng d
020 ## - INTERNATIONAL STANDARD BOOK NUMBER
International Standard Book Number 9780195735611
040 ## - CATALOGING SOURCE
Transcribing agency OXFORD UNIVERSITY PRESS
050 ## - LIBRARY OF CONGRESS CALL NUMBER
Classification number PL 8704 .W35 2012
245 ## - TITLE STATEMENT
Title WAJA LEO
Remainder of title DIWANI YA MASHARIKI
Statement of responsibility, etc. WALIBORA KEN
260 ## - PUBLICATION, DISTRIBUTION, ETC.
Place of publication, distribution, etc. KENYA
Name of publisher, distributor, etc. OXFORD UNIVERSITY PRESS
Date of publication, distribution, etc. 2012
942 ## - ADDED ENTRY ELEMENTS (KOHA)
Source of classification or shelving scheme Library of Congress Classification
Koha item type Books
Suppress in OPAC No

No items available.